LIBRARY & INFORMATION CENTRE, KCAET, TAVANUR

ONLINE PUBLIC ACCESS CATALOGUE (OPAC)

Text book of modern plant pathology / (Record no. 1905)

MARC details
000 -LEADER
fixed length control field 00567cam a2200217ua 4500
020 ## - INTERNATIONAL STANDARD BOOK NUMBER
ISBN 0-7069-2880-6
041 ## - LANGUAGE CODE
Language code of text/sound track or separate title eng
082 ## - DEWEY DECIMAL CLASSIFICATION NUMBER
Classification number 581.2
Item number BIL/TE
100 ## - MAIN ENTRY--AUTHOR NAME
Personal name Bilgrami, K S .
245 ## - TITLE STATEMENT
Title Text book of modern plant pathology /
250 ## - EDITION STATEMENT
Edition statement 1 /
260 ## - PUBLICATION, DISTRIBUTION, ETC. (IMPRINT)
Place of publication New Delhi :
Name of publisher Vikas publishing house pvt ltd ,
Year of publication 1985.
300 ## - PHYSICAL DESCRIPTION
Number of Pages 344 ; .
700 1# - ADDED ENTRY--PERSONAL NAME
Personal name Dube, H C .
942 ## - ADDED ENTRY ELEMENTS (KOHA)
Koha item type Books
Holdings
Withdrawn status Lost status Damaged status Home library Current library Date acquired Full call number Accession Number Koha item type
      KAUAET KAUAET 07/04/2012 581.2 BIL/TE 15276 Books
      KAUAET KAUAET 01/09/1986 581.2 BIL/TE 15534 Books
      KAUAET KAUAET 07/04/2012 581.2 BIL/TE 15275 Books
free website counter